|
|
|
|
| LEADER |
00000nam0a2200000 4500 |
| 001 |
151442 |
| 005 |
20231031150707.0 |
| 010 |
|
|
|a 5265007970
|
| 020 |
|
|
|a RU
|b 89-30688
|
| 035 |
|
|
|a (RuTPU)RU\TPU\book\164208
|
| 090 |
|
|
|a 151442
|
| 100 |
|
|
|a 20090123d1989 m y0rusy5003 ca
|
| 101 |
1 |
|
|a rus
|c gex
|
| 102 |
|
|
|a RU
|
| 105 |
|
|
|a c z 000ab
|
| 200 |
1 |
|
|a Тигр скал
|e повесть
|f М. Б. Хергиани
|g пер. с груз. К. Коринтэли
|
| 210 |
|
|
|a Москва
|c Советский писатель
|d 1989
|
| 215 |
|
|
|a 208 с.
|d 20 см
|
| 333 |
|
|
|a Исключено из фонда НТБ ТПУ
|
| 700 |
|
1 |
|a Хергиани
|b М. Б.
|g Мирон Буджаевич
|4 070
|
| 702 |
|
1 |
|a Коринтэли
|b К.
|4 730
|
| 801 |
|
0 |
|a RU
|b RuMRKP
|c 19950417
|g psbo
|
| 801 |
|
1 |
|a RU
|b 63413507
|c 20090123
|g PSBO
|
| 801 |
|
2 |
|a RU
|b 63413507
|c 20170516
|g PSBO
|
| 942 |
|
|
|c BK
|